| 000 | 00575nam a2200169 4500 | ||
|---|---|---|---|
| 001 | 110443 | ||
| 003 | ES-MaACL | ||
| 005 | 20230906185043.0 | ||
| 007 | t| | ||
| 008 | 061121s1942 sp r ||||1| spa d | ||
| 100 | 1 |
_aOdriozola, Miguel. _986538 |
|
| 245 | 1 | 0 |
_aMaiz, cebada y arroz en la ceba de cerdos / _cMiguel Odriozola. |
| 260 |
_aMadrid : _bSección de Publicaciones, Prensa y Propaganda, _c1942 ( _fGraficas Uguina) |
||
| 300 |
_a90 p., 7 lám. : _bil. ; _c24 cm. |
||
| 500 | _aPrecede al tít.: Ministerio de Agricultura. | ||
| 852 |
_aES-MaACL _j1911-F-14 _bR.29805 |
||
| 999 |
_c110443 _d110443 |
||